Merchandise Buying (Record no. 6276)

MARC details
005 - DATE AND TIME OF LATEST TRANSACTION
control field 20250629110045.0
020 ## - INTERNATIONAL STANDARD BOOK NUMBER
International Standard Book Number 1563671883
082 ## - DEWEY DECIMAL CLASSIFICATION NUMBER
Classification number 543.7 BOH
100 ## - MAIN ENTRY--PERSONAL NAME
Author name BOHLINGER,S.M.
245 ## - TITLE STATEMENT
Title Merchandise Buying
250 ## - EDITION STATEMENT
Edition statement 5th Ed.
260 ## - PUBLICATION, DISTRIBUTION, ETC.
Place of publication, distribution, etc. New York
Name of publisher, distributor, etc. Fairchild Publications,Inc.
Date of publication, distribution, etc. 2001
300 ## - PHYSICAL DESCRIPTION
Extent xxv,473p.:ill., pictures,tables
Other physical details index & Reference
Dimensions 26cm.
942 ## - ADDED ENTRY ELEMENTS (KOHA)
Source of classification or shelving scheme Dewey Decimal Classification
Koha item type Books
Holdings
Date last seen Total checkouts Full call number Barcode Cost, replacement price Price effective from Koha item type Lost status Source of classification or shelving scheme Damaged status Not for loan Withdrawn status Home library Current library Shelving location Date acquired Source of acquisition Cost, normal purchase price
06/29/2025   543.7 BOH DOM0003921 225000.00 06/29/2025 Books   Dewey Decimal Classification       CBE Dodoma CBE Dodoma General Collection 01/07/2003 Library budget 75000.00